000 00606nam a2200229Ia 4500
003 OSt
005 20220924135509.0
006 a|||||r|||| 00| 0
007 ta
008 220923b |||||||| |||| 00| 0 ben d
024 _a291383
037 _cTextual
040 _aARTS
_cARTS
_bben
041 _2ben
_aben
082 _aO157:gxN47, M3
100 _aGhosh Ajoy Kumar
_9209896
245 0 _aPrasanga
_b Rabindranath Saratchandra-o-Anyanya
260 _c1983
650 _aBENGALI LITERATURE
942 _hO157:gxN47, M3
_cTEXL
_2CC
999 _c440870
_d440870